Un maître du roman russe, Ivan Gontcharov 1812-1891 / (Record no. 101435)

MARC details
000 -LEADER
campo de control de longitud fija 00589nam a2200193 i 4500
001 - NÚMERO DE CONTROL
campo de control 101435
003 - IDENTIFICADOR DE NÚMERO DE CONTROL
campo de control ES-MaACL
005 - FECHA Y HORA DE LA ÚLTIMA TRANSACCIÓN
campo de control 20250529172425.0
007 - CAMPO FIJO DE DESCRIPCIÓN FÍSICA--INFORMACIÓN GENERAL
campo de control de longitud fija t|
008 - DATOS DE LONGITUD FIJA--INFORMACIÓN GENERAL
campo de control de longitud fija 051018s1914 fr ||||1| fre d
100 1# - ENTRADA PRINCIPAL--NOMBRE DE PERSONA
Nombre de persona Mazon, André.
9 (RLIN) 79486
245 10 - MENCIÓN DEL TÍTULO
Título Un maître du roman russe, Ivan Gontcharov 1812-1891 /
Mención de responsabilidad, etc. André Mazon.
260 ## - PUBLICACIÓN, DISTRIBUCIÓN, ETC.
Lugar de publicación, distribución, etc. Paris :
Nombre del editor, distribuidor, etc. [s.n.],
Fecha de publicación, distribución, etc. 1914 (
Fabricante F. Paillart)
300 ## - DESCRIPCIÓN FÍSICA
Extensión X, 472 p. ;
Dimensiones 25 cm.
500 ## - NOTA GENERAL
Nota general Con un retrato de Gontcharov.
600 14 - PUNTO DE ACCESO ADICIONAL DE MATERIA--NOMBRE DE PERSONA
Nombre de persona Goncharov, Ivan Aleksandrovich,
Fechas asociadas al nombre 1812-1891
9 (RLIN) 58230
852 ## - LOCALIZACIÓN
Ubicación ES-MaACL
Número de control de estantería A-104
Holdings
Estatus retirado Estado de pérdida Estado de daño No para préstamo Biblioteca de origen Biblioteca actual Ubicación en estantería Fecha de adquisición Fuente de adquisición Total de préstamos Signatura topográfica completa Código de barras Visto por última vez Precio de reemplazo Tipo de ítem Koha
        Biblioteca del Ateneo de Madrid Biblioteca del Ateneo de Madrid Depósito 1 17/01/2008     A-104 1105902 23/02/2023 23/02/2023 Libro impreso